000 00696nam a2200193 a 4500
001 000031393
005 20200930062911.0
008 110620s1948 dr 000 | spa d
040 _aDO-SdBNP
_bspa
_cBNPHU
041 1 _aengspa
082 _axxx
_bP424s
100 1 _aPepper B., José Vicente
_954694
245 1 0 _aSoviet´s Claws on Central America = Las garras del soviet sobre Centro América /
_cJosé Vicente Pepper ; prólogo de Summer Welles.
260 _aTrujillo City, Dominican Republic :
_bPapelera Industrial Dominicana,
_c1948.
300 _a74 p. ;
_c22 cm.
700 1 _aWelles, Summer,
_epról.
_957811
740 4 _aLas garras del soviet sobre Centro América
049 _aBNPD
999 _c30885
_d30885